01015nam a22002657a 45000010005000000030006000050050017000110080041000280200015000690400029000840500016001130820011001291000029001402450126001692500054002952600038003493000050003874900018004375050008004555200199004635210020006625210020006826500021007027000026007234879FISKH20241022143137.0241022b cb ||||| |||| 00| 0 eng d a0439381096 aFISKHbengcFISKHdFISKH aPZ7.M478693 a813.54 aMcKissack , Patricia C. aA Picture of Freedom:bThe Diary of Clotee, a Slave Girl, Belmont Plantation, Virginia, 1859 / cby Patricia C. McKissack aFirst Scholastic paperback printing, January 2002 aNew York : bScholastic ;c1997 . a192 pages : billustrations, maps ;c20 cm .  aDear America  aS  aIn 1859 twelve-year-old Clotee, a house slave who must conceal the fact that she can read and write, records in her diary her experiences and her struggle to decide whether to escape to freedom.8 a790 bLexile 8 aS bRaz-Plus  ahistoryvfiction aTim, O'Brien,eartist